Obálka Náhled e-knihy:
PDF Epub
Pro půjčování e-knih musíte být přihlášeni.
Jak si půjčit online?

Dcera zimy /

Moderní fantasy román pro mládež, ve kterém ožívají slovanští bohové i krvelačné bestie.

Uloženo v:
Série:Písně tří světů, část
Hlavní autor: Šebová, Vladimíra (Autor)
Další autoři: Šimečková, Lenka, 1991- (Autor), Kozák, Jan, 1970- (Ilustrátor)
Médium: E-kniha
Jazyk:Czech
Vydáno: V Praze : Fragment, 2021
Vydání:1. vydání
Témata:
Příbuzné jednotky:Z cyklu:: Písně tří světů
Tagy:
Žádné tagy
LEADER 02787nam a2200529 i 4500
001 311410
003 CZ PrSKC
005 20260601215705.0
007 ta
008 210922s2021 xr d 000 f cze
015 |a cnb003353879 
020 |a 9788025353059  |q (brožováno) :  |c Kč 299,00 
035 |a (OCoLC)1284973793 
040 |a ABG001  |b cze  |e rda 
072 7 |a 821.162.4  |x Slovenská literatura  |2 Konspekt 
072 7 |a 821-93  |x Literatura pro děti a mládež (beletrie)  |2 Konspekt 
080 |a 821.162.4-31  |2 MRF 
080 |a 821-93-053.67  |2 MRF 
080 |a 821-93  |2 MRF 
080 |a (0:82-312.9)  |2 MRF 
100 1 |a Šebová, Vladimíra  |7 xx0219882  |4 aut 
240 1 0 |a Dcéra zimy.  |l Česky 
245 1 0 |a Dcera zimy /  |c Vladimíra Šebová ; ilustrovala Lenka Šimečková ; ze slovenského originálu Dcéra zimy přeložil Jan Kozák 
250 |a 1. vydání 
264 1 |a V Praze :  |b Fragment,  |c 2021 
300 |a 302 stran ;  |c 21 cm 
336 |a text  |b txt  |2 rdacontent 
337 |a bez média  |b n  |2 rdamedia 
338 |a svazek  |b nc  |2 rdacarrier 
520 2 |a Moderní fantasy román pro mládež, ve kterém ožívají slovanští bohové i krvelačné bestie.  |b Moranu a její sestru Vesnu černá magie navždy uvěznila ve světě živých. Před Moraninou krutostí se smrtelníci třesou, ale ona jen touží zachránit laskavou Vesnu, uvrženou do nekončícího koloběhu znovuzrození. Ve snaze zlomit prokletí a získat alespoň jeden normální život protrpěly sestry celá staletí. Pokud chtějí tentokrát uspět, musí čelit démonům ze samotného podsvětí i své minulosti. Vymaní se zpod kletby, nebo s nimi bohové rozehrají jinou hru? Nakladatelská anotace. 
655 7 |a slovenské romány  |7 fd133450  |2 czenas 
655 7 |a fantasy romány  |7 fd184199  |2 czenas 
655 7 |a literatura young adult  |7 fd1185572  |2 czenas 
655 7 |a publikace pro mládež  |7 fd133157  |2 czenas 
655 9 |a Slovak fiction  |2 eczenas 
655 9 |a fantasy novels  |2 eczenas 
655 9 |a young adult literature  |2 eczenas 
655 9 |a juvenile literature  |2 eczenas 
700 1 |a Šimečková, Lenka,  |d 1991-  |7 xx0172079  |4 ill 
700 1 |a Kozák, Jan,  |d 1970-  |7 mzk2003187830  |4 trl 
787 0 8 |i Z cyklu:  |t Písně tří světů 
900 |a ABA001  |b 20 
928 9 |a Albatros Media - Fragment 
044 |a xr 
910 |a RBIT002 
998 |d 335286  |a https://core.palmknihy.cz/api/books/335286/cover?sgwebx  |b https://core.palmknihy.cz/api/books/335286/cover/400?sgwebx  |c https://core.palmknihy.cz/api/books/335286/cover/50?sgwebx  |e 2031-12-31  |g 304  |i 9788025353059  |j https://core.palmknihy.cz/api/books/335286/preview.epub  |k https://core.palmknihy.cz/api/books/335286/preview.pdf  |l   |q 49  |r 1  |s https://www.palmknihy.cz/kniha/335286  |t ebook  |y 2021  |z 0 
999 |d 311408